[Event "BRA-ch U26 (Women)"]
[Site "Uberlandia"]
[Date "2015.10.17"]
[Round "5"]
[White "Cathcart, Jessica"]
[Black "Ramillo, Vitoria Matheus"]
[Result "0-1"]
[WhiteElo "1853"]
[BlackElo "1772"]
[PlyCount "66"]
[EventDate "2015.10.15"]
[EventType "swiss"]
[EventRounds "7"]
[EventCountry "BRA"]
[SourceTitle "CBM 168 Extra"]
[Source "ChessBase"]
[SourceDate "2015.10.29"]
[SourceVersion "1"]
[SourceVersionDate "2015.10.29"]
[SourceQuality "1"]

1. e4 e5 2. Nf3 Nc6 3. Bc4 Be7 4. d4 exd4 5. Nxd4 Bf6 6. c3 d6 7. 0-0 Nge7 8. f4 0-0 9. Be3 Bxd4 10. Bxd4 Nxd4 11. Qxd4 Nc6 12. Qd1 Kh8 13. Qh5 f5 14. Nd2 Qe8 15. Qf3 fxe4 16. Nxe4 Ne5 17. Qe2 Bg4 18. Bb5 Bxe2 19. Bxe8 Bxf1 20. Rxf1 Raxe8 21. fxe5 Rxf1+ 22. Kxf1 Rxe5 23. Nd2 Ra5 24. a3 g6 25. Ke2 Kg7 26. Ke3 Re5+ 27. Kd3 Re1 28. Nf3 Rb1 29. Kc2 Rf1 30. Nh4 g5 31. Nf3 Rf2+ 32. Kd3 Rxg2 33. b3 g4 0-1

[Event "BRA-ch U26 (Women)"]
[Site "Uberlandia"]
[Date "2015.10.16"]
[Round "2"]
[White "De Melo Braga, Pamella Vittoria"]
[Black "Cathcart, Jessica"]
[Result "0-1"]
[WhiteElo "1604"]
[BlackElo "1853"]
[PlyCount "94"]
[EventDate "2015.10.15"]
[EventType "swiss"]
[EventRounds "7"]
[EventCountry "BRA"]
[SourceTitle "CBM 168 Extra"]
[Source "ChessBase"]
[SourceDate "2015.10.29"]
[SourceVersion "1"]
[SourceVersionDate "2015.10.29"]
[SourceQuality "1"]

1. d4 Nf6 2. c4 d6 3. Nc3 g6 4. e4 Bg7 5. Be2 0-0 6. Bg5 Nc6 7. Nf3 e5 8. dxe5 dxe5 9. Qxd8 Nxd8 10. Bxf6 Bxf6 11. Nd5 Kg7 12. Nxc7 Rb8 13. Nd5 Ne6 14. Rb1 Nc5 15. Nd2 Bg5 16. f3 Rd8 17. Rd1 f5 18. 0-0 Bxd2 19. Rxd2 fxe4 20. fxe4 Nxe4 21. Rd3 Be6 22. Bf3 Nf6 23. Re1 e4 24. Bxe4 Nxe4 25. Rxe4 Bf5 26. Re7+ Kh6 27. Rde3 b5 28. b3 bxc4 29. bxc4 Rbc8 30. Rc3 Rxd5 31. Rh3+ Bxh3 32. cxd5 Rc1+ 33. Kf2 Rc2+ 34. Re2 Rxe2+ 35. Kxe2 Bxg2 36. d6 Bc6 37. Ke3 Kg5 38. Kd4 Kf6 39. Kc5 Bd7 40. Kd5 h6 41. Ke4 Ke6 42. h4 Kxd6 43. Kf4 a5 44. a3 Kc5 45. Ke5 g5 46. hxg5 hxg5 47. Ke4 Kc4 0-1

[Event "Paranaense-ch (Women)"]
[Site "Curitiba"]
[Date "2015.01.24"]
[Round "4"]
[White "Souza, Kim Garcia De"]
[Black "Cathcart, Jessica"]
[Result "1-0"]
[WhiteElo "1740"]
[BlackElo "1856"]
[PlyCount "125"]
[EventDate "2015.01.23"]
[EventType "swiss"]
[EventRounds "6"]
[EventCountry "BRA"]
[SourceTitle "EXT 2022"]
[Source "ChessBase"]
[SourceDate "2021.10.06"]
[SourceVersion "1"]
[SourceVersionDate "2021.10.06"]
[SourceQuality "1"]

1. b4 d6 2. Bb2 Nf6 3. c4 c6 4. e3 g6 5. Be2 Bg7 6. Nf3 0-0 7. 0-0 Nbd7 8. Qc2 Qb6 9. a3 a5 10. b5 cxb5 11. cxb5 Nc5 12. Nc3 Bf5 13. d3 Rac8 14. Qd1 Bd7 15. a4 Be6 16. Nd4 Qd8 17. Nxe6 Nxe6 18. Bf3 Rc7 19. d4 Ng5 20. Be2 Qd7 21. Qd3 h5 22. f4 Ngh7 23. h3 Re8 24. Qd2 e5 25. b6 Rxc3 26. Qxc3 Rc8 27. Qxa5 exf4 28. exf4 Rc2 29. Bb5 Qe7 30. Rae1 Ne4 31. Bd3 Rxb2 32. Rxe4 Qh4 33. Re2 Bxd4+ 34. Kh1 Rxb6 35. Qa8+ Kg7 36. Bc4 Qf6 37. Bd5 Rb4 38. Bxb7 Be5 39. Ref2 Rxf4 40. Rxf4 Bxf4 41. g3 Qe6 42. Bg2 Bxg3 43. Qd5 Qxd5 44. Bxd5 Nf6 45. Bf3 Be5 46. a5 Bd4 47. Rb1 Nd7 48. a6 Kf6 49. Rb7 Ne5 50. Bd5 Kg5 51. Bxf7 Kh4 52. Kg2 Nc6 53. Bxg6 Bc5 54. Be8 Na7 55. Rh7 Kg5 56. Rxh5+ Kf6 57. Rh7 Nc8 58. Rc7 Na7 59. Kg3 Kg5 60. h4+ Kf6 61. Kg4 Be3 62. h5 d5 63. h6 1-0

[Event "Paranaense-ch (Women)"]
[Site "Curitiba"]
[Date "2015.01.23"]
[Round "2"]
[White "Rocha, Juliana da Silva"]
[Black "Cathcart, Jessica"]
[Result "0-1"]
[WhiteElo "1624"]
[BlackElo "1856"]
[PlyCount "34"]
[EventDate "2015.01.23"]
[EventType "swiss"]
[EventRounds "6"]
[EventCountry "BRA"]
[SourceTitle "EXT 2022"]
[Source "ChessBase"]
[SourceDate "2021.10.06"]
[SourceVersion "1"]
[SourceVersionDate "2021.10.06"]
[SourceQuality "1"]

1. e4 d6 2. d4 Nf6 3. Bd3 g6 4. Ne2 Bg7 5. 0-0 0-0 6. Ng3 c6 7. c3 Nbd7 8. f4 e5 9. Be3 Qe7 10. f5 d5 11. Bg5 h6 12. Bxf6 Nxf6 13. fxg6 fxg6 14. Re1 exd4 15. e5 Ng4 16. cxd4 Qh4 17. h3 Nf2 0-1

[Event "Maringa op 4th"]
[Site "Maringa"]
[Date "2014.08.23"]
[Round "8"]
[White "Cathcart, Jessica"]
[Black "Lopes, Marcelo Ferreira"]
[Result "1-0"]
[WhiteElo "1825"]
[BlackElo "2025"]
[PlyCount "51"]
[EventDate "2014.08.20"]
[EventType "swiss"]
[EventRounds "9"]
[EventCountry "BRA"]
[SourceTitle "EXT 2015"]
[Source "ChessBase"]
[SourceDate "2014.11.20"]
[SourceVersion "1"]
[SourceVersionDate "2014.11.20"]
[SourceQuality "1"]

1. e4 e6 2. d3 d5 3. Nd2 Nf6 4. Ngf3 Be7 5. g3 dxe4 6. dxe4 Nc6 7. Bg2 0-0 8. 0-0 e5 9. c3 Bg4 10. Qc2 Qd7 11. Nc4 Qe6 12. Ne3 Rad8 13. Ng5 Qc8 14. Nxg4 Qxg4 15. Be3 h6 16. Nh3 Qe6 17. f3 Nd7 18. Nf2 Bc5 19. Bh3 Qe7 20. Bxc5 Qxc5 21. Kg2 Nb6 22. Nd3 Qe3 23. Rad1 Nc4 24. Rfe1 Rd6 25. b3 Na3 26. Qb2 1-0

[Event "Maringa op 4th"]
[Site "Maringa"]
[Date "2014.08.23"]
[Round "7"]
[White "Nunes, Sidney Jr"]
[Black "Cathcart, Jessica"]
[Result "1-0"]
[WhiteElo "2000"]
[BlackElo "1825"]
[PlyCount "71"]
[EventDate "2014.08.20"]
[EventType "swiss"]
[EventRounds "9"]
[EventCountry "BRA"]
[SourceTitle "EXT 2015"]
[Source "ChessBase"]
[SourceDate "2014.11.20"]
[SourceVersion "1"]
[SourceVersionDate "2014.11.20"]
[SourceQuality "1"]

1. e4 d6 2. d4 Nf6 3. Nc3 g6 4. Be2 Bg7 5. Be3 c6 6. a4 Nbd7 7. Qd2 Qa5 8. Nf3 Ng4 9. 0-0 0-0 10. Bg5 f6 11. Be3 d5 12. exd5 cxd5 13. b4 Qxb4 14. Nxd5 Qd6 15. Bc4 Kh8 16. h3 Nxe3 17. Qxe3 e5 18. dxe5 Nxe5 19. Nxe5 Qxe5 20. Qxe5 fxe5 21. Rab1 b6 22. a5 Bf5 23. axb6 axb6 24. Nxb6 Ra7 25. Bb3 Rc7 26. Nd5 Rc5 27. Ne3 Be4 28. Rbd1 Bh6 29. Ng4 Bf4 30. Rde1 Bxc2 31. Bxc2 Rxc2 32. Nxe5 Bxe5 33. Rxe5 Rf7 34. g3 Kg7 35. Kg2 Rd2 36. Re3 1-0

[Event "Maringa op 4th"]
[Site "Maringa"]
[Date "2014.08.22"]
[Round "6"]
[White "Cathcart, Jessica"]
[Black "Santos, Joao Gustavo Veriss"]
[Result "1-0"]
[WhiteElo "1825"]
[BlackElo "2050"]
[PlyCount "71"]
[EventDate "2014.08.20"]
[EventType "swiss"]
[EventRounds "9"]
[EventCountry "BRA"]
[SourceTitle "EXT 2015"]
[Source "ChessBase"]
[SourceDate "2014.11.20"]
[SourceVersion "1"]
[SourceVersionDate "2014.11.20"]
[SourceQuality "1"]

1. e4 Nc6 2. d3 e6 3. Nf3 d5 4. Nbd2 Be7 5. g3 b6 6. Bg2 Bb7 7. 0-0 g5 8. Re1 g4 9. exd5 exd5 10. Ne5 Nxe5 11. Rxe5 Qd7 12. c4 c6 13. cxd5 cxd5 14. Nf1 0-0-0 15. Bf4 Bd6 16. Bxd5 Bxe5 17. Rc1+ Kb8 18. Bxe5+ Ka8 19. Bxb7+ Kxb7 20. Rc7+ Qxc7 21. Bxc7 Kxc7 22. Qxg4 Nf6 23. Qf4+ Rd6 24. Qc4+ Kb8 25. Qxf7 Rhd8 26. Ne3 R8d7 27. Qf8+ Rd8 28. Qe7 R8d7 29. Qe5 Kb7 30. Nc4 Rc6 31. Qf5 Re7 32. Qf4 Rce6 33. Nd6+ Kc6 34. Nf5 Re1+ 35. Kg2 Rf7 36. Qc4+ 1-0

[Event "Paranaense-ch (Women) 2013"]
[Site "Curitiba"]
[Date "2014.01.19"]
[Round "5.2"]
[White "Cathcart, Jessica"]
[Black "Cathcart, Joice"]
[Result "0-1"]
[WhiteElo "1833"]
[BlackElo "1844"]
[PlyCount "66"]
[EventDate "2014.01.17"]
[EventType "swiss"]
[EventRounds "6"]
[EventCountry "BRA"]
[SourceTitle "EXT 2022"]
[Source "ChessBase"]
[SourceDate "2021.10.06"]
[SourceVersion "1"]
[SourceVersionDate "2021.10.06"]
[SourceQuality "1"]

1. e4 d6 2. d4 Nf6 3. Nc3 g6 4. Nf3 Bg7 5. Be2 0-0 6. 0-0 Nbd7 7. Be3 c5 8. d5 a6 9. a4 Qa5 10. Rc1 Qb4 11. Rb1 Nxe4 12. Nxe4 Qxe4 13. a5 Nf6 14. c4 Qf5 15. h3 Qd7 16. Bd3 Qc7 17. Bd2 e6 18. dxe6 Bxe6 19. Ng5 Bd7 20. Re1 Bc6 21. Bc3 Rad8 22. Qc2 d5 23. cxd5 Bxd5 24. Bxf6 Bxf6 25. Ne4 Bxe4 26. Rxe4 Qxa5 27. Rbe1 b5 28. Qe2 c4 29. Bb1 Rd2 30. Qe3 Rxb2 31. Re8 Rxe8 32. Qxe8+ Kg7 33. Qe3 Qd2 0-1

[Event "Paranaense-ch (Women) 2013"]
[Site "Curitiba"]
[Date "2014.01.17"]
[Round "1.4"]
[White "Machado, Amanda Garcia"]
[Black "Cathcart, Jessica"]
[Result "0-1"]
[WhiteElo "1800"]
[BlackElo "1833"]
[PlyCount "56"]
[EventDate "2014.01.17"]
[EventType "swiss"]
[EventRounds "6"]
[EventCountry "BRA"]
[SourceTitle "EXT 2022"]
[Source "ChessBase"]
[SourceDate "2021.10.06"]
[SourceVersion "1"]
[SourceVersionDate "2021.10.06"]
[SourceQuality "1"]

1. e4 d6 2. d4 Nf6 3. Nc3 g6 4. Nf3 Bg7 5. Bf4 0-0 6. Bc4 Nxe4 7. Qd3 Nf6 8. 0-0 c6 9. d5 cxd5 10. Nxd5 Nxd5 11. Bxd5 Nc6 12. c3 Bf5 13. Qd2 Rc8 14. Bh6 Qa5 15. Bxg7 Kxg7 16. Rfe1 Rc7 17. Rad1 Qa4 18. h3 f6 19. b3 Qa5 20. Nh4 Bd7 21. Re3 Qb6 22. Rde1 Ne5 23. Kh1 e6 24. f4 exd5 25. fxe5 dxe5 26. Qxd5 Bc6 27. Qd6 Bxg2+ 28. Kxg2 Qxd6 0-1

[Event "Goiania-ch U26 (Women)"]
[Site "Goiania"]
[Date "2013.10.25"]
[Round "2"]
[White "Santos, Amanda Lima Dos"]
[Black "Cathcart, Jessica"]
[Result "0-1"]
[WhiteElo "1768"]
[BlackElo "1817"]
[PlyCount "86"]
[EventDate "2013.10.24"]
[EventType "swiss"]
[EventRounds "7"]
[EventCountry "BRA"]
[SourceTitle "EXT 2014"]
[Source "ChessBase"]
[SourceDate "2013.11.20"]
[SourceVersion "1"]
[SourceVersionDate "2013.11.20"]
[SourceQuality "1"]

1. e4 d6 2. d4 Nf6 3. Nc3 g6 4. f4 Bg7 5. Nf3 c6 6. Bd3 Nbd7 7. 0-0 0-0 8. h3 Nb6 9. f5 Nfd7 10. Bg5 c5 11. Nb5 cxd4 12. Nbxd4 Nc5 13. Qd2 d5 14. Rae1 dxe4 15. Bxe4 Qd6 16. Nb5 Nxe4 17. Rxe4 Qxd2 18. Nxd2 Bxf5 19. Rxe7 Rad8 20. Rxb7 f6 21. Be3 Rfe8 22. Rf3 Bxc2 23. Nxa7 Nd5 24. Bd4 Re2 25. Nb3 Bf5 26. Nb5 Ne7 27. Re3 Rxe3 28. Bxe3 Nc6 29. N5d4 Nxd4 30. Nxd4 Be4 31. Re7 Bd5 32. a3 f5 33. Bf2 Bf6 34. Ra7 Be4 35. Ra4 Rc8 36. Rb4 Rc1+ 37. Kh2 Be5+ 38. Bg3 f4 39. Bf2 Rf1 40. Bg1 f3+ 41. g3 f2 42. Ne2 fxg1Q+ 43. Nxg1 Rf2# 0-1

[Event "Goiania-ch U26 (Women)"]
[Site "Goiania"]
[Date "2013.10.24"]
[Round "1"]
[White "Cathcart, Jessica"]
[Black "Dos Santos, Rafaela Rezende"]
[Result "1/2-1/2"]
[WhiteElo "1817"]
[BlackElo "1774"]
[PlyCount "94"]
[EventDate "2013.10.24"]
[EventType "swiss"]
[EventRounds "7"]
[EventCountry "BRA"]
[SourceTitle "EXT 2014"]
[Source "ChessBase"]
[SourceDate "2013.11.20"]
[SourceVersion "1"]
[SourceVersionDate "2013.11.20"]
[SourceQuality "1"]

1. e4 e5 2. Nf3 Nc6 3. Bc4 Bc5 4. 0-0 d6 5. c3 Bg4 6. d3 a6 7. a3 h6 8. Nbd2 Nf6 9. Qc2 0-0 10. h3 Bh5 11. Nh2 Nh7 12. Ndf3 Ne7 13. d4 exd4 14. cxd4 Ba7 15. Bd3 Bg6 16. Be3 f5 17. Nh4 f4 18. Nxg6 Nxg6 19. Bd2 Nh4 20. Qc4+ Kh8 21. Kh1 b5 22. Qc3 Bb6 23. Rae1 Rc8 24. Be2 Nf6 25. Bxf4 Nxe4 26. Qe3 d5 27. Bg4 Nf5 28. Bxf5 Rxf5 29. f3 Ng5 30. Ng4 Qf8 31. Be5 h5 32. Nh6 Rxe5 33. Qxe5 Nf7 34. Nxf7+ Qxf7 35. Re2 Rf8 36. Rd1 c6 37. Qg5 Bd8 38. Qe5 Bc7 39. Qg5 Bd8 40. Qc1 Qg6 41. Qc5 Re8 42. Rc2 Re6 43. Rcc1 Be7 44. Qc2 Bg5 45. Qxg6 Rxg6 46. Rc2 Be3 47. Re2 Bf4 1/2-1/2

[Event "BRA-chT U26 (Women)"]
[Site "Foz do Iguacu"]
[Date "2012.10.21"]
[Round "6"]
[White "Barreto, Nuara Hayra Fernand"]
[Black "Cathcart, Jessica"]
[Result "0-1"]
[WhiteElo "1867"]
[BlackElo "1822"]
[PlyCount "58"]
[EventDate "2012.10.18"]
[EventType "team-swiss"]
[EventRounds "7"]
[EventCountry "BRA"]
[SourceTitle "EXT 2014"]
[Source "ChessBase"]
[SourceDate "2013.11.20"]
[SourceVersion "1"]
[SourceVersionDate "2013.11.20"]
[SourceQuality "1"]

1. d4 Nf6 2. c4 g6 3. Nc3 Bg7 4. e4 d6 5. Nf3 0-0 6. Be2 Nc6 7. d5 Nb4 8. 0-0 a5 9. Bd2 Na6 10. a3 Nc5 11. Qc2 a4 12. Be3 Nb3 13. Rab1 Bd7 14. Nd4 Na5 15. f3 Ne8 16. Nxa4 Nxc4 17. Qxc4 Rxa4 18. Qd3 c6 19. dxc6 bxc6 20. Rfc1 c5 21. Nb5 c4 22. Qd5 e6 23. Qb7 Ra8 24. Nc3 Rc8 25. Bb6 Qe7 26. Nd1 d5 27. exd5 exd5 28. Qxd5 Qxe2 29. Qxd7 Qe1# 0-1

[Event "BRA-chT U26 (Women)"]
[Site "Foz do Iguacu"]
[Date "2012.10.20"]
[Round "4"]
[White "Correa, Mitieli Majewski"]
[Black "Cathcart, Jessica"]
[Result "0-1"]
[WhiteElo "1798"]
[BlackElo "1822"]
[PlyCount "46"]
[EventDate "2012.10.18"]
[EventType "team-swiss"]
[EventRounds "7"]
[EventCountry "BRA"]
[SourceTitle "EXT 2014"]
[Source "ChessBase"]
[SourceDate "2013.11.20"]
[SourceVersion "1"]
[SourceVersionDate "2013.11.20"]
[SourceQuality "1"]

1. e4 d6 2. f4 Nf6 3. Nc3 g6 4. Bc4 Bg7 5. Nf3 0-0 6. 0-0 Nxe4 7. Nxe4 d5 8. Bxd5 Qxd5 9. d4 Qxe4 10. c3 Bg4 11. h3 Bxf3 12. Rxf3 e6 13. Re3 Qd5 14. Qd3 Nc6 15. Bd2 Ne7 16. g4 Qd7 17. Rae1 Nd5 18. Rg3 Nf6 19. g5 Nh5 20. Rf3 Rfd8 21. h4 c5 22. dxc5 Qxd3 23. Rxd3 Rxd3 0-1

[Event "BRA-chT U26 (Women)"]
[Site "Foz do Iguacu"]
[Date "2012.10.18"]
[Round "1"]
[White "Cathcart, Jessica"]
[Black "Silva, Amanda Ketley Doura"]
[Result "1-0"]
[WhiteElo "1822"]
[BlackElo "1790"]
[PlyCount "77"]
[EventDate "2012.10.18"]
[EventType "team-swiss"]
[EventRounds "7"]
[EventCountry "BRA"]
[SourceTitle "EXT 2014"]
[Source "ChessBase"]
[SourceDate "2013.11.20"]
[SourceVersion "1"]
[SourceVersionDate "2013.11.20"]
[SourceQuality "1"]

1. e4 e5 2. Nf3 Nc6 3. Bc4 h6 4. 0-0 Nf6 5. d4 exd4 6. e5 Nh7 7. Nxd4 Nxe5 8. Re1 Bd6 9. f4 Qf6 10. fxe5 Bxe5 11. Nf3 Qb6+ 12. Kh1 d6 13. Nxe5 dxe5 14. Rxe5+ Be6 15. Bxe6 fxe6 16. Qh5+ Ke7 17. Nc3 Nf6 18. Qe2 Rhf8 19. b3 Ng4 20. Nd5+ Kd6 21. Nxb6 Nxe5 22. Ba3+ c5 23. Rd1+ Kc6 24. Qxe5 axb6 25. Qxe6+ Kb5 26. c4+ Ka6 27. Bxc5 Rf6 28. Qd7 bxc5 29. Qa4+ Kb6 30. Qb5+ Ka7 31. Qxc5+ Rb6 32. Rd6 Re8 33. Qxb6+ Kb8 34. h3 Kc8 35. Qc5+ Kb8 36. Rd7 Rc8 37. Qb6 Rc7 38. Rxc7 g5 39. Qxb7# 1-0

[Event "Maringa op 2nd"]
[Site "Maringa"]
[Date "2012.08.10"]
[Round "5"]
[White "Cathcart, Jessica"]
[Black "Costa, Paulo Cesar"]
[Result "0-1"]
[WhiteElo "1827"]
[BlackElo "2060"]
[PlyCount "120"]
[EventDate "2012.08.08"]
[EventType "swiss"]
[EventRounds "9"]
[EventCountry "BRA"]
[SourceTitle "CBM 149 Extra"]
[Source "ChessBase"]
[SourceDate "2012.08.24"]
[SourceVersion "1"]
[SourceVersionDate "2012.08.24"]
[SourceQuality "1"]

1. e4 e6 2. d3 c5 3. Nd2 Nc6 4. Ngf3 d6 5. g3 g6 6. Bg2 Bg7 7. 0-0 Nge7 8. c3 0-0 9. Re1 Rb8 10. Nf1 b5 11. Bf4 e5 12. Be3 Bg4 13. Qd2 b4 14. h4 bxc3 15. bxc3 Qa5 16. Reb1 Rb6 17. Qc2 Rfb8 18. N1d2 Rxb1+ 19. Rxb1 Rxb1+ 20. Nxb1 Be6 21. a3 Qb6 22. Nbd2 h6 23. Kh2 Qa6 24. Bh3 f5 25. Bf1 Qxa3 26. Nb1 Qa2 27. Qxa2 Bxa2 28. Na3 a6 29. Nd2 Na5 30. Be2 Be6 31. Bd1 Kf7 32. f4 exf4 33. Bxf4 Bxc3 34. Bxh6 Nec6 35. Nf3 Ne5 36. Ng5+ Ke7 37. Nxe6 Kxe6 38. Be2 Nac6 39. exf5+ Kxf5 40. Bf8 Ke6 41. d4 cxd4 42. Bxa6 d3 43. Bxd3 Nxd3 44. Nc4 d5 45. Ne3 d4 46. Nc2 Kf7 47. Bh6 Nde5 48. Kg2 d3 49. Ne3 Bd2 50. Kf2 Bxe3+ 51. Bxe3 Ng4+ 52. Kf3 Nce5+ 53. Ke4 Nxe3 54. Kxe3 Kf6 55. g4 Nxg4+ 56. Kxd3 Kf5 57. Ke2 Kf4 58. Kf1 Kg3 59. h5 gxh5 60. Kg1 h4 0-1

[Event "Maringa op"]
[Site "Maringa"]
[Date "2011.12.22"]
[Round "9"]
[White "Camargo, Mateus De"]
[Black "Cathcart, Jessica"]
[Result "1-0"]
[WhiteElo "2087"]
[BlackElo "1839"]
[PlyCount "29"]
[EventDate "2011.12.17"]
[EventType "swiss"]
[EventRounds "9"]
[EventCountry "BRA"]
[SourceTitle "CBM 146 Extra"]
[Source "ChessBase"]
[SourceDate "2012.02.29"]
[SourceVersion "1"]
[SourceVersionDate "2012.02.29"]
[SourceQuality "1"]

1. e4 d6 2. d4 Nf6 3. Nc3 g6 4. Bg5 c6 5. Qd2 Nbd7 6. f4 Qc7 7. Nf3 Bg7 8. 0-0-0 h6 9. Bh4 b5 10. Bd3 a6 11. Rhe1 Bb7 12. e5 Nd5 13. Nxd5 cxd5 14. exd6 Qxd6 15. Bxe7 1-0

[Event "Maringa op"]
[Site "Maringa"]
[Date "2011.12.20"]
[Round "7"]
[White "Ferreira, Paulo Muraro"]
[Black "Cathcart, Jessica"]
[Result "0-1"]
[WhiteElo "1785"]
[BlackElo "1839"]
[PlyCount "104"]
[EventDate "2011.12.17"]
[EventType "swiss"]
[EventRounds "9"]
[EventCountry "BRA"]
[SourceTitle "CBM 146 Extra"]
[Source "ChessBase"]
[SourceDate "2012.02.29"]
[SourceVersion "1"]
[SourceVersionDate "2012.02.29"]
[SourceQuality "1"]

1. e4 d6 2. d4 Nf6 3. Nc3 g6 4. Be3 c6 5. a4 Qa5 6. Bd3 Nbd7 7. Nge2 Bg7 8. h3 c5 9. 0-0 0-0 10. Nb1 cxd4 11. Bxd4 Nc5 12. Bc3 Qc7 13. Nd2 Bd7 14. b3 Bc6 15. Ng3 h5 16. h4 Bd7 17. Bb2 Rac8 18. Rc1 Bh6 19. Re1 Ng4 20. Be2 d5 21. e5 Qb6 22. Bd4 Qa5 23. Ngf1 Bg7 24. Bf3 Be6 25. Qe2 Nd7 26. Bxg4 Bxg4 27. f3 Bf5 28. Ne3 Be6 29. f4 f6 30. Nf3 fxe5 31. fxe5 Bh6 32. Ng5 Bxg5 33. hxg5 Rf4 34. Qd3 Kh7 35. Rf1 Rcf8 36. Rxf4 Rxf4 37. Rf1 Rxf1+ 38. Kxf1 Qd8 39. Qe2 Qf8+ 40. Qf2 Qxf2+ 41. Kxf2 b6 42. b4 Nb8 43. a5 bxa5 44. bxa5 Nc6 45. Bc3 Kg7 46. Nd1 Bf5 47. Ne3 Be6 48. Nd1 Kf7 49. Ke3 Bf5 50. Kd2 Ke6 51. Ne3 Nxe5 52. Nxf5 Kxf5 0-1

[Event "Maringa op"]
[Site "Maringa"]
[Date "2011.12.19"]
[Round "5"]
[White "Da Silva, Lucas Henrique Lins"]
[Black "Cathcart, Jessica"]
[Result "1-0"]
[WhiteElo "2083"]
[BlackElo "1839"]
[PlyCount "67"]
[EventDate "2011.12.17"]
[EventType "swiss"]
[EventRounds "9"]
[EventCountry "BRA"]
[SourceTitle "CBM 146 Extra"]
[Source "ChessBase"]
[SourceDate "2012.02.29"]
[SourceVersion "1"]
[SourceVersionDate "2012.02.29"]
[SourceQuality "1"]

1. d4 Nf6 2. c4 g6 3. Nc3 Bg7 4. e4 d6 5. f3 c6 6. Be3 a6 7. Qd2 h5 8. Bd3 Nbd7 9. Nge2 Qc7 10. 0-0 c5 11. dxc5 Nxc5 12. Rac1 e6 13. b4 Ncd7 14. Rfd1 0-0 15. Bb1 Ne8 16. Na4 Qc6 17. Nb2 b5 18. cxb5 Qxb5 19. a4 Qb8 20. Nc4 Ndf6 21. Nb6 Bb7 22. Nxa8 Bxa8 23. Ba2 Kh7 24. Nd4 Nc7 25. Nc6 Bxc6 26. Rxc6 d5 27. Rdc1 Na8 28. exd5 Nxd5 29. Bxd5 Rd8 30. Qe2 Rxd5 31. R6c5 Re5 32. Rxe5 Qxe5 33. Qd2 Nc7 34. f4 1-0

[Event "Maringa op"]
[Site "Maringa"]
[Date "2011.12.18"]
[Round "3"]
[White "Cathcart, Jessica"]
[Black "Marini, Ivo"]
[Result "1-0"]
[WhiteElo "1839"]
[BlackElo "1783"]
[PlyCount "99"]
[EventDate "2011.12.17"]
[EventType "swiss"]
[EventRounds "9"]
[EventCountry "BRA"]
[SourceTitle "CBM 146 Extra"]
[Source "ChessBase"]
[SourceDate "2012.02.29"]
[SourceVersion "1"]
[SourceVersionDate "2012.02.29"]
[SourceQuality "1"]

1. e4 e6 2. d3 d5 3. Nd2 c5 4. g3 Nf6 5. Bg2 Nc6 6. Ngf3 Be7 7. 0-0 0-0 8. Re1 b5 9. e5 a5 10. exf6 Bxf6 11. a3 Bb7 12. Nf1 b4 13. axb4 axb4 14. Rxa8 Qxa8 15. Qd2 g6 16. Qf4 Bg7 17. Qe3 Qa5 18. N1d2 Nd4 19. Nxd4 Bxd4 20. Qe2 Qb6 21. Nb3 Bg7 22. Be3 d4 23. Bd2 Ba6 24. Qe4 Rc8 25. Bf4 c4 26. dxc4 Rxc4 27. Ra1 Rc8 28. Rc1 f5 29. Qe1 Bc4 30. Nd2 Bb5 31. Nf3 Re8 32. Qxb4 e5 33. Bf1 exf4 34. Qxb5 Qxb5 35. Bxb5 Rb8 36. Bc4+ Kf8 37. b3 fxg3 38. hxg3 h6 39. Re1 g5 40. Re6 Ra8 41. Ne5 Ra1+ 42. Kg2 Rd1 43. Ng6+ Kf7 44. Re1+ Kxg6 45. Rxd1 h5 46. Re1 g4 47. Bb5 h4 48. gxh4 f4 49. Bd7 d3 50. Bxg4 1-0

[Event "Maringa op"]
[Site "Maringa"]
[Date "2011.12.17"]
[Round "1"]
[White "Cathcart, Jessica"]
[Black "Martins, Carlos"]
[Result "0-1"]
[WhiteElo "1839"]
[BlackElo "2257"]
[PlyCount "98"]
[EventDate "2011.12.17"]
[EventType "swiss"]
[EventRounds "9"]
[EventCountry "BRA"]
[SourceTitle "CBM 146 Extra"]
[Source "ChessBase"]
[SourceDate "2012.02.29"]
[SourceVersion "1"]
[SourceVersionDate "2012.02.29"]
[SourceQuality "1"]

1. e4 e5 2. Nf3 Nc6 3. Bc4 Bc5 4. 0-0 d6 5. c3 Qf6 6. d3 h6 7. Nbd2 Nge7 8. h3 g5 9. Nh2 Ng6 10. Qf3 Nf4 11. Nb3 Bb6 12. Ng4 Qg6 13. g3 h5 14. Nf6+ Qxf6 15. gxf4 g4 16. Qg3 h4 17. Qg2 exf4 18. d4 f3 19. Qh2 gxh3 20. Kh1 Rg8 21. Rg1 Rg2 22. Rxg2 fxg2+ 23. Kg1 Qf3 24. Be3 Bd7 25. Nd2 Qf6 26. Qf4 Qxf4 27. Bxf4 0-0-0 28. Nf3 Rg8 29. Bg5 Bg4 30. Bxf7 Rg7 31. Bxh4 Rxf7 32. Ng5 Rf8 33. Kh2 Rh8 34. Bg3 Rh5 35. f4 Ne7 36. Bf2 c6 37. Kg3 Bd7 38. Nf3 d5 39. e5 Nf5+ 40. Kh2 Bd8 41. Re1 Be6 42. Ng1 Nh6 43. Nf3 Ng4+ 44. Kg3 Nxf2 45. Kxf2 Bh4+ 46. Nxh4 Rxh4 47. Kg3 Rg4+ 48. Kh2 Rxf4 49. Kg1 Kd7 0-1

[Event "Parana-ch (Women)"]
[Site "Maringa"]
[Date "2011.12.14"]
[Round "1"]
[White "Cathcart, Jessica"]
[Black "Ribeiro da Silva, Natalia Schmitz"]
[Result "1-0"]
[WhiteElo "1839"]
[BlackElo "1911"]
[PlyCount "49"]
[EventDate "2011.12.14"]
[EventType "swiss"]
[EventRounds "6"]
[EventCountry "BRA"]
[SourceTitle "EXT 2022"]
[Source "ChessBase"]
[SourceDate "2021.10.06"]
[SourceVersion "1"]
[SourceVersionDate "2021.10.06"]
[SourceQuality "1"]

1. e4 e5 2. Nf3 Nc6 3. Bc4 Bc5 4. 0-0 Nf6 5. d4 Nxd4 6. Nxe5 0-0 7. Be3 Ne6 8. Bxe6 Bxe3 9. Bxf7+ Rxf7 10. Nxf7 Kxf7 11. fxe3 Kg8 12. e5 Qe7 13. exf6 Qxe3+ 14. Kh1 Qe5 15. Nc3 gxf6 16. Qd5+ Qxd5 17. Nxd5 c6 18. Nxf6+ Kg7 19. Rae1 Kg6 20. Ne8 d5 21. Rf6+ Kg5 22. Re5+ Kh4 23. Rf4+ Bg4 24. Nf6 h5 25. Rxh5# 1-0